000 00700nam a2200241Ia 4500
003 OSt
005 20220924122642.0
006 a|||||r|||| 00| 0
007 ta
008 220923b |||||||| |||| 00| 0 urd d
024 _a323267
037 _cTextual
040 _aARTS
_cARTS
_burd
041 _2urd
_aurd
082 _aV44Q74.K, 168D7
100 _aSharar Maulana Mohammad Abdul Haleem Au.
_9190236
245 0 _aTareekh-e-Sindh
260 _aLucknow
_bDilgudaz press India
_c1907
300 _a256p.
_ccm.
650 _aSINDH - HISTORY
_9172876
942 _hV44Q74.K, 168D7
_cTEXL
_2CC
999 _c412502
_d412502